The Arts: A Visual Encyclopedia (Record no. 13214)
[ view plain ]
| 000 -LEADER | |
|---|---|
| fixed length control field | 00196 a2200085 4500 |
| 020 ## - INTERNATIONAL STANDARD BOOK NUMBER | |
| International Standard Book Number | 978-1465462909 |
| 100 ## - MAIN ENTRY--PERSONAL NAME | |
| Personal name | DK |
| 245 ## - TITLE STATEMENT | |
| Title | The Arts: A Visual Encyclopedia |
| 260 ## - PUBLICATION, DISTRIBUTION, ETC. | |
| Name of publisher, distributor, etc. | DK Children |
| Date of publication, distribution, etc. | 2017 |
| Withdrawn status | Lost status | Source of classification or shelving scheme | Damaged status | Not for loan | Permanent Location | Current Location | Date acquired | Source of acquisition | Cost, normal purchase price | Total Checkouts | Full call number | Barcode | Date last seen | Date last checked out | Cost, replacement price | Price effective from | Koha item type |
|---|---|---|---|---|---|---|---|---|---|---|---|---|---|---|---|---|---|
| BMS College of Architecture, Design and Planning | BMS College of Architecture, Design and Planning | 2025-04-25 | 1 | 1963.60 | 1 | 700 | AR-UG4672 | 2025-09-12 | 2025-08-28 | 2618.13 | 2025-04-25 | B.Design |